<?xml version="1.0" encoding="UTF-8"?>
<record
    xmlns:xsi="http://www.w3.org/2001/XMLSchema-instance"
    xsi:schemaLocation="http://www.loc.gov/MARC21/slim http://www.loc.gov/standards/marcxml/schema/MARC21slim.xsd"
    xmlns="http://www.loc.gov/MARC21/slim">

  <leader>00441    a2200157   4500</leader>
  <controlfield tag="003">OSt</controlfield>
  <controlfield tag="005">20231122154715.0</controlfield>
  <controlfield tag="008">231122b        |||||||| |||| 00| 0 eng d</controlfield>
  <datafield tag="020" ind1=" " ind2=" ">
    <subfield code="a">9789388140058</subfield>
  </datafield>
  <datafield tag="040" ind1=" " ind2=" ">
    <subfield code="c">oclc</subfield>
  </datafield>
  <datafield tag="082" ind1=" " ind2=" ">
    <subfield code="a">540</subfield>
    <subfield code="b">BAR/C</subfield>
  </datafield>
  <datafield tag="100" ind1=" " ind2=" ">
    <subfield code="a">Bariyar, Alok</subfield>
    <subfield code="9">9930</subfield>
  </datafield>
  <datafield tag="245" ind1=" " ind2=" ">
    <subfield code="a"> Chemistry for IIT - JAM /</subfield>
    <subfield code="c">Alok Bariyar</subfield>
  </datafield>
  <datafield tag="260" ind1=" " ind2=" ">
    <subfield code="b">Krishna Prakashan,</subfield>
    <subfield code="c">2023.</subfield>
  </datafield>
  <datafield tag="942" ind1=" " ind2=" ">
    <subfield code="2">ddc</subfield>
    <subfield code="c">BK</subfield>
    <subfield code="h">540</subfield>
    <subfield code="i">BAR/C</subfield>
    <subfield code="k">540</subfield>
    <subfield code="m">BAR/C</subfield>
  </datafield>
  <datafield tag="952" ind1=" " ind2=" ">
    <subfield code="0">0</subfield>
    <subfield code="1">0</subfield>
    <subfield code="2">ddc</subfield>
    <subfield code="4">0</subfield>
    <subfield code="7">0</subfield>
    <subfield code="8">ENTRANCE</subfield>
    <subfield code="a">MES</subfield>
    <subfield code="b">MES</subfield>
    <subfield code="c">CAREER CORNER</subfield>
    <subfield code="d">2023-11-22</subfield>
    <subfield code="l">2</subfield>
    <subfield code="o">540 BAR/C</subfield>
    <subfield code="p">43639</subfield>
    <subfield code="r">2026-02-02 14:04:12</subfield>
    <subfield code="s">2026-02-02</subfield>
    <subfield code="t">1</subfield>
    <subfield code="v">695.00</subfield>
    <subfield code="w">2023-11-22</subfield>
    <subfield code="y">BK</subfield>
    <subfield code="z">U8R1</subfield>
  </datafield>
  <datafield tag="952" ind1=" " ind2=" ">
    <subfield code="0">0</subfield>
    <subfield code="1">0</subfield>
    <subfield code="2">ddc</subfield>
    <subfield code="4">0</subfield>
    <subfield code="7">0</subfield>
    <subfield code="8">ENTRANCE</subfield>
    <subfield code="a">MES</subfield>
    <subfield code="b">MES</subfield>
    <subfield code="c">CAREER CORNER</subfield>
    <subfield code="d">2023-11-22</subfield>
    <subfield code="l">0</subfield>
    <subfield code="o">540 BAR/C</subfield>
    <subfield code="p">43640</subfield>
    <subfield code="r">2023-11-22 15:48:09</subfield>
    <subfield code="t">2</subfield>
    <subfield code="v">695.00</subfield>
    <subfield code="w">2023-11-22</subfield>
    <subfield code="y">BK</subfield>
    <subfield code="z">U8R1</subfield>
  </datafield>
  <datafield tag="952" ind1=" " ind2=" ">
    <subfield code="0">0</subfield>
    <subfield code="1">0</subfield>
    <subfield code="2">ddc</subfield>
    <subfield code="4">0</subfield>
    <subfield code="7">0</subfield>
    <subfield code="8">ENTRANCE</subfield>
    <subfield code="a">MES</subfield>
    <subfield code="b">MES</subfield>
    <subfield code="c">CAREER CORNER</subfield>
    <subfield code="d">2023-11-22</subfield>
    <subfield code="l">0</subfield>
    <subfield code="o">540 BAR/C</subfield>
    <subfield code="p">43641</subfield>
    <subfield code="r">2023-11-22 15:48:09</subfield>
    <subfield code="t">3</subfield>
    <subfield code="v">695.00</subfield>
    <subfield code="w">2023-11-22</subfield>
    <subfield code="y">BK</subfield>
    <subfield code="z">U8R2</subfield>
  </datafield>
  <datafield tag="952" ind1=" " ind2=" ">
    <subfield code="0">0</subfield>
    <subfield code="1">0</subfield>
    <subfield code="2">ddc</subfield>
    <subfield code="4">0</subfield>
    <subfield code="7">0</subfield>
    <subfield code="8">ENTRANCE</subfield>
    <subfield code="a">MES</subfield>
    <subfield code="b">MES</subfield>
    <subfield code="c">CAREER CORNER</subfield>
    <subfield code="d">2023-11-22</subfield>
    <subfield code="l">0</subfield>
    <subfield code="o">540 BAR/C</subfield>
    <subfield code="p">43642</subfield>
    <subfield code="r">2023-11-22 15:48:09</subfield>
    <subfield code="t">4</subfield>
    <subfield code="v">695.00</subfield>
    <subfield code="w">2023-11-22</subfield>
    <subfield code="y">BK</subfield>
    <subfield code="z">U8R2</subfield>
  </datafield>
  <datafield tag="952" ind1=" " ind2=" ">
    <subfield code="0">0</subfield>
    <subfield code="1">0</subfield>
    <subfield code="2">ddc</subfield>
    <subfield code="4">0</subfield>
    <subfield code="7">0</subfield>
    <subfield code="8">ENTRANCE</subfield>
    <subfield code="a">MES</subfield>
    <subfield code="b">MES</subfield>
    <subfield code="c">CAREER CORNER</subfield>
    <subfield code="d">2023-11-22</subfield>
    <subfield code="l">0</subfield>
    <subfield code="o">540 BAR/C</subfield>
    <subfield code="p">43643</subfield>
    <subfield code="r">2023-11-22 15:48:09</subfield>
    <subfield code="t">5</subfield>
    <subfield code="v">695.00</subfield>
    <subfield code="w">2023-11-22</subfield>
    <subfield code="y">BK</subfield>
    <subfield code="z">U8R2</subfield>
  </datafield>
  <datafield tag="952" ind1=" " ind2=" ">
    <subfield code="0">0</subfield>
    <subfield code="1">0</subfield>
    <subfield code="2">ddc</subfield>
    <subfield code="4">0</subfield>
    <subfield code="7">0</subfield>
    <subfield code="8">ENTRANCE</subfield>
    <subfield code="a">MES</subfield>
    <subfield code="b">MES</subfield>
    <subfield code="c">CAREER CORNER</subfield>
    <subfield code="d">2023-11-22</subfield>
    <subfield code="l">0</subfield>
    <subfield code="o">540 BAR/C</subfield>
    <subfield code="p">43644</subfield>
    <subfield code="r">2023-11-22 15:48:09</subfield>
    <subfield code="t">6</subfield>
    <subfield code="v">695.00</subfield>
    <subfield code="w">2023-11-22</subfield>
    <subfield code="y">BK</subfield>
    <subfield code="z">U8R2</subfield>
  </datafield>
  <datafield tag="952" ind1=" " ind2=" ">
    <subfield code="0">0</subfield>
    <subfield code="1">0</subfield>
    <subfield code="2">ddc</subfield>
    <subfield code="4">0</subfield>
    <subfield code="7">0</subfield>
    <subfield code="8">ENTRANCE</subfield>
    <subfield code="a">MES</subfield>
    <subfield code="b">MES</subfield>
    <subfield code="c">CAREER CORNER</subfield>
    <subfield code="d">2023-11-22</subfield>
    <subfield code="l">0</subfield>
    <subfield code="o">540 BAR/C</subfield>
    <subfield code="p">43645</subfield>
    <subfield code="r">2023-11-22 15:48:09</subfield>
    <subfield code="t">7</subfield>
    <subfield code="v">695.00</subfield>
    <subfield code="w">2023-11-22</subfield>
    <subfield code="y">BK</subfield>
    <subfield code="z">U8R2</subfield>
  </datafield>
  <datafield tag="952" ind1=" " ind2=" ">
    <subfield code="0">0</subfield>
    <subfield code="1">0</subfield>
    <subfield code="2">ddc</subfield>
    <subfield code="4">0</subfield>
    <subfield code="7">0</subfield>
    <subfield code="8">ENTRANCE</subfield>
    <subfield code="a">MES</subfield>
    <subfield code="b">MES</subfield>
    <subfield code="c">CAREER CORNER</subfield>
    <subfield code="d">2023-11-22</subfield>
    <subfield code="l">1</subfield>
    <subfield code="o">540 BAR/C</subfield>
    <subfield code="p">43646</subfield>
    <subfield code="r">2025-02-03 14:51:07</subfield>
    <subfield code="s">2025-01-22</subfield>
    <subfield code="t">8</subfield>
    <subfield code="v">695.00</subfield>
    <subfield code="w">2023-11-22</subfield>
    <subfield code="y">BK</subfield>
    <subfield code="z">U8R2</subfield>
  </datafield>
  <datafield tag="952" ind1=" " ind2=" ">
    <subfield code="0">0</subfield>
    <subfield code="1">0</subfield>
    <subfield code="2">ddc</subfield>
    <subfield code="4">0</subfield>
    <subfield code="7">0</subfield>
    <subfield code="8">ENTRANCE</subfield>
    <subfield code="a">MES</subfield>
    <subfield code="b">MES</subfield>
    <subfield code="c">CAREER CORNER</subfield>
    <subfield code="d">2023-11-22</subfield>
    <subfield code="l">0</subfield>
    <subfield code="o">540 BAR/C</subfield>
    <subfield code="p">43647</subfield>
    <subfield code="r">2023-11-22 15:48:09</subfield>
    <subfield code="t">9</subfield>
    <subfield code="v">695.00</subfield>
    <subfield code="w">2023-11-22</subfield>
    <subfield code="y">BK</subfield>
    <subfield code="z">U8R2</subfield>
  </datafield>
  <datafield tag="952" ind1=" " ind2=" ">
    <subfield code="0">0</subfield>
    <subfield code="1">0</subfield>
    <subfield code="2">ddc</subfield>
    <subfield code="4">0</subfield>
    <subfield code="7">0</subfield>
    <subfield code="8">ENTRANCE</subfield>
    <subfield code="a">MES</subfield>
    <subfield code="b">MES</subfield>
    <subfield code="c">CAREER CORNER</subfield>
    <subfield code="d">2023-11-22</subfield>
    <subfield code="l">2</subfield>
    <subfield code="m">1</subfield>
    <subfield code="o">540 BAR/C</subfield>
    <subfield code="p">43648</subfield>
    <subfield code="r">2025-02-05 15:30:37</subfield>
    <subfield code="s">2025-01-22</subfield>
    <subfield code="t">10</subfield>
    <subfield code="v">695.00</subfield>
    <subfield code="w">2023-11-22</subfield>
    <subfield code="y">BK</subfield>
    <subfield code="z">U8R2</subfield>
  </datafield>
  <datafield tag="999" ind1=" " ind2=" ">
    <subfield code="c">41855</subfield>
    <subfield code="d">41855</subfield>
  </datafield>
</record>
